[Event "Main Vogelsberg op 6th"]
[Site "Hanau"]
[Date "2011.06.02"]
[Round "2"]
[White "Scholz, Uwe"]
[Black "Will, Patrick"]
[Result "0-1"]
[WhiteElo "1784"]
[BlackElo "2050"]
[PlyCount "84"]
[EventDate "2011.06.02"]
[EventType "swiss"]
[EventRounds "7"]
[EventCountry "GER"]
[SourceTitle "CBM 142 Extra"]
[Source "ChessBase"]
[SourceDate "2011.06.27"]
[SourceVersion "1"]
[SourceVersionDate "2011.06.27"]
[SourceQuality "1"]

1. f4 g6 2. Nf3 Bg7 3. e4 c5 4. g3 d6 5. Bg2 Nc6 6. d3 Nf6 7. 0-0 0-0 8. Nc3 Rb8 9. Kh1 Bd7 10. Rb1 b5 11. a3 a5 12. Be3 b4 13. Ne2 bxa3 14. bxa3 Qc7 15. Qd2 a4 16. Nc3 Qa5 17. Nd5 Qxd2 18. Bxd2 Nxd5 19. exd5 Nd4 20. Nxd4 Bxd4 21. Rfe1 Bf6 22. Bf3 Rfc8 23. g4 Kf8 24. Red1 Rb2 25. Rxb2 Bxb2 26. Bc1 Rb8 27. Kg1 Bxc1 28. Rxc1 Rb2 29. Kf2 Ra2 30. Ke1 Rxa3 31. Rb1 f5 32. g5 c4 33. Be2 c3 34. Bd1 Be8 35. Rb8 Kf7 36. Rc8 Bb5 37. Rb8 Ba6 38. Rb6 Bc8 39. Rc6 Bb7 40. Bf3 Bxc6 41. dxc6 Ra1+ 42. Ke2 Ke8 0-1

[Event "Karl Mala Memorial op 13th"]
[Site "Frankfurt"]
[Date "2010.07.11"]
[Round "7"]
[White "Bonk, Andras"]
[Black "Scholz, Uwe"]
[Result "1/2-1/2"]
[WhiteElo "1859"]
[BlackElo "2025"]
[PlyCount "41"]
[EventDate "2010.07.08"]
[EventType "swiss"]
[EventRounds "7"]
[EventCountry "GER"]
[SourceTitle "EXT 2012"]
[Source "ChessBase"]
[SourceDate "2011.11.24"]
[SourceVersion "1"]
[SourceVersionDate "2011.11.24"]
[SourceQuality "1"]

1. e4 d6 2. d4 Nf6 3. f3 c5 4. dxc5 Qa5+ 5. Nc3 Qxc5 6. Bd3 a6 7. Qe2 Qc7 8. Bg5 Nbd7 9. Nh3 g6 10. Nf4 Bg7 11. Nfd5 Qa5 12. Bd2 Qd8 13. 0-0 0-0 14. f4 e6 15. Nxf6+ Qxf6 16. f5 exf5 17. exf5 Qd4+ 18. Be3 Qe5 19. Qd2 Nc5 20. fxg6 hxg6 21. Rae1 1/2-1/2

[Event "Karl Mala Memorial op 13th"]
[Site "Frankfurt"]
[Date "2010.07.10"]
[Round "5"]
[White "Scholz, Uwe"]
[Black "Anders, Eric"]
[Result "1/2-1/2"]
[WhiteElo "2025"]
[BlackElo "1667"]
[PlyCount "71"]
[EventDate "2010.07.08"]
[EventType "swiss"]
[EventRounds "7"]
[EventCountry "GER"]
[SourceTitle "EXT 2012"]
[Source "ChessBase"]
[SourceDate "2011.11.24"]
[SourceVersion "1"]
[SourceVersionDate "2011.11.24"]
[SourceQuality "1"]

1. c4 Nf6 2. Nc3 g6 3. g3 Bg7 4. Bg2 d6 5. d4 0-0 6. e3 Nbd7 7. Nge2 e5 8. 0-0 h6 9. b3 Nh7 10. d5 f5 11. e4 Nb6 12. a4 a5 13. Be3 Nd7 14. Qd2 g5 15. exf5 Rxf5 16. Ne4 Nhf6 17. N2c3 Nxe4 18. Nxe4 Nf6 19. f3 Bd7 20. Rac1 b6 21. Nf2 Nh7 22. f4 Qe7 23. Bh3 exf4 24. gxf4 gxf4 25. Bxf5 fxe3 26. Bxh7+ Kxh7 27. Qd3+ Kh8 28. Ne4 Re8 29. Ng3 Bh3 30. Rf4 Qg5 31. Re4 Rxe4 32. Qxe4 Be5 33. Kh1 Bxg3 34. Rg1 Qf4 35. Qe8+ Kh7 36. Qe7+ 1/2-1/2

[Event "Main Vogelsberg op 4th"]
[Site "Heusenstamm"]
[Date "2009.05.03"]
[Round "7"]
[White "Holst, Marten"]
[Black "Scholz, Uwe"]
[Result "0-1"]
[WhiteElo "1857"]
[BlackElo "2058"]
[PlyCount "46"]
[EventDate "2009.04.30"]
[EventType "swiss"]
[EventRounds "7"]
[EventCountry "GER"]
[SourceTitle "CBM 130 Extra"]
[Source "ChessBase"]
[SourceDate "2009.07.02"]
[SourceVersion "2"]
[SourceVersionDate "2009.07.15"]
[SourceQuality "1"]

1. b3 d5 2. Bb2 c5 3. e3 Nc6 4. Bb5 Qb6 5. Bxc6+ Qxc6 6. f4 Nf6 7. Nf3 e6 8. 0-0 b6 9. Ne5 Qc7 10. d3 Bb7 11. Nd2 Bd6 12. Ndf3 0-0-0 13. Qe1 h6 14. a4 Rdg8 15. c4 g5 16. Nc6 Bxc6 17. Bxf6 Rh7 18. Ne5 gxf4 19. exf4 dxc4 20. Rf2 cxb3 21. Qb1 Bxe5 22. fxe5 Qd7 23. Qxb3 Qd4 0-1

[Event "Hessen-ch Gr-C 62nd"]
[Site "Hanau"]
[Date "2008.03.22"]
[Round "6"]
[White "Storkebaum, Ulrike"]
[Black "Scholz, Uwe"]
[Result "0-1"]
[WhiteElo "1951"]
[BlackElo "2072"]
[PlyCount "76"]
[EventDate "2008.03.19"]
[EventType "swiss"]
[EventRounds "7"]
[EventCountry "GER"]
[SourceTitle "CBM 123 Extra"]
[Source "ChessBase"]
[SourceDate "2008.05.06"]
[SourceVersion "1"]
[SourceVersionDate "2008.05.06"]
[SourceQuality "1"]

1. e4 c5 2. Nf3 Nc6 3. d4 cxd4 4. Nxd4 Nf6 5. Nc3 d6 6. Be2 a6 7. Be3 Bd7 8. 0-0 Rc8 9. f3 g6 10. Qd2 Bg7 11. Kh1 0-0 12. Rad1 Re8 13. g4 Qa5 14. Nb3 Qc7 15. g5 Nh5 16. Nd5 Qb8 17. Nb6 Rcd8 18. Nxd7 Rxd7 19. c4 e5 20. a3 Red8 21. f4 Nxf4 22. Bxf4 exf4 23. Rxf4 Be5 24. Rf2 Re7 25. Bg4 Rde8 26. Qd5 Qc7 27. h4 Bg3 28. Rf3 Bxh4 29. Rdf1 Ne5 30. Nd2 Bxg5 31. Rg3 Bxd2 32. Qxd2 Nxg4 33. Rxg4 Qxc4 34. Rc1 Qb5 35. Qh6 Qxb2 36. Rf1 Qe2 37. Rfg1 Qf3+ 38. R4g2 Rxe4 0-1

[Event "Main Vogelsberg op 2nd"]
[Site "Grossauheim"]
[Date "2007.06.09"]
[Round "5"]
[White "Rasche, Hannes"]
[Black "Scholz, Uwe"]
[Result "1-0"]
[WhiteElo "1851"]
[BlackElo "1742"]
[PlyCount "105"]
[EventDate "2007.06.07"]
[EventType "swiss"]
[EventRounds "7"]
[EventCountry "GER"]
[SourceTitle "EXT 2008"]
[Source "ChessBase"]
[SourceDate "2007.11.25"]
[SourceVersion "1"]
[SourceVersionDate "2007.11.25"]
[SourceQuality "1"]

1. d4 Nf6 2. c4 d6 3. Nf3 g6 4. Nc3 Bg7 5. e4 0-0 6. Be2 c6 7. 0-0 Qc7 8. Bf4 Nh5 9. Be3 Nf6 10. h3 e5 11. d5 Nbd7 12. Nd2 Re8 13. dxc6 bxc6 14. Rc1 Nf8 15. f4 Bh6 16. Nb3 Ne6 17. g3 Qe7 18. Bd3 Nh5 19. Ne2 exf4 20. Bd2 g5 21. g4 Nf6 22. Qc2 Nd7 23. Bb4 c5 24. Bc3 Bg7 25. e5 Bxe5 26. Bxh7+ Kg7 27. Be4 Rb8 28. Na5 Nd8 29. Bd5 Nb6 30. Bf3 Rh8 31. Kg2 Be6 32. b3 Qf6 33. Rcd1 Rc8 34. Rh1 Rc7 35. Be1 Re7 36. Bf2 Ree8 37. a3 Qg6 38. Be4 Qf6 39. Bf3 Bb2 40. Rb1 Be5 41. Rbd1 Qe7 42. Nc3 Ref8 43. Nd5 Nxd5 44. cxd5 Bc8 45. Nc4 Bf6 46. Rde1 Qc7 47. Nd2 Be5 48. Ne4 Qe7 49. Qd2 f6 50. b4 cxb4 51. axb4 Qb7 52. Ra1 Bxa1 53. Rxa1 1-0

[Event "Main Vogelsberg op 2nd"]
[Site "Grossauheim"]
[Date "2007.06.08"]
[Round "3"]
[White "Scholz, Uwe"]
[Black "Schloessner, Henrik"]
[Result "1-0"]
[WhiteElo "1742"]
[BlackElo "1909"]
[PlyCount "77"]
[EventDate "2007.06.07"]
[EventType "swiss"]
[EventRounds "7"]
[EventCountry "GER"]
[SourceTitle "EXT 2008"]
[Source "ChessBase"]
[SourceDate "2007.11.25"]
[SourceVersion "1"]
[SourceVersionDate "2007.11.25"]
[SourceQuality "1"]

1. c4 Nf6 2. Nc3 e6 3. e4 d5 4. cxd5 exd5 5. e5 d4 6. exf6 dxc3 7. fxg7 cxd2+ 8. Qxd2 Qxd2+ 9. Bxd2 Bxg7 10. 0-0-0 0-0 11. Ne2 Nc6 12. Bc3 Bh6+ 13. Bd2 Bg7 14. Bc3 Ne5 15. Ng3 Be6 16. Kb1 Ng4 17. Be1 Rfd8 18. Be2 Rxd1+ 19. Bxd1 Rd8 20. Bc2 Bd5 21. h3 Ne5 22. Rg1 Nc4 23. b3 Na3+ 24. Kc1 Bh6+ 25. Kb2 Nxc2 26. Kxc2 Bf4 27. Bc3 Re8 28. Kd1 Bc6 29. Nh5 Bh2 30. Nf6+ Kf8 31. Nxh7+ Kg8 32. Nf6+ Kf8 33. Bb4+ Re7 34. Bxe7+ Kxe7 35. Ng8+ Kf8 36. Rh1 Bf4 37. Nf6 Bxg2 38. Rg1 Bxh3 39. Rg8+ 1-0

[Event "MVS-ch M"]
[Site "Grossauheim"]
[Date "2000.11.26"]
[Round "5"]
[White "Scholz, Uwe"]
[Black "Schaaf, Rene"]
[Result "0-1"]
[WhiteElo "1817"]
[BlackElo "1999"]
[PlyCount "84"]
[EventDate "2000.11.18"]
[EventType "swiss"]
[EventRounds "6"]
[EventCountry "GER"]
[SourceTitle "EXT 2003"]
[Source "ChessBase"]
[SourceDate "2002.11.25"]
[SourceVersion "1"]
[SourceVersionDate "2002.11.25"]
[SourceQuality "1"]

1. f4 d5 2. e3 Nf6 3. b3 g6 4. Bb2 Bg7 5. Nf3 0-0 6. Nc3 c5 7. Ne2 Nc6 8. Ng3 e6 9. Be2 a6 10. a4 Bd7 11. Rb1 Qc7 12. 0-0 Rfc8 13. Qe1 Nb4 14. c3 Nc6 15. Ba3 Nd8 16. Ne5 Be8 17. d4 cxd4 18. cxd4 b5 19. Rc1 Qb7 20. axb5 Bxb5 21. Rb1 Nc6 22. Bc5 a5 23. Rf2 Bxe2 24. Rxe2 Nb4 25. h3 Ne8 26. Qd2 Nc7 27. Nh1 Nca6 28. Bxb4 Nxb4 29. Qd1 Rc3 30. Nf2 Qb5 31. Nf3 Rac8 32. Kh2 Nd3 33. Nxd3 Rxd3 34. Qe1 Rcc3 35. Nd2 Bf8 36. Rc1 Bb4 37. Rxc3 Bxc3 38. Qc1 Rxd2 39. Rxd2 Bxd2 40. Qxd2 Qxb3 41. Kg3 a4 42. Kg4 Kg7 0-1

[Event "MVS-ch M"]
[Site "Grossauheim"]
[Date "2000.11.18"]
[Round "1"]
[White "Schaaf, Andre"]
[Black "Scholz, Uwe"]
[Result "0-1"]
[WhiteElo "1973"]
[BlackElo "1817"]
[PlyCount "117"]
[EventDate "2000.11.18"]
[EventType "swiss"]
[EventRounds "6"]
[EventCountry "GER"]
[SourceTitle "EXT 2003"]
[Source "ChessBase"]
[SourceDate "2002.11.25"]
[SourceVersion "1"]
[SourceVersionDate "2002.11.25"]
[SourceQuality "1"]

1. c4 c5 2. Nc3 d6 3. g3 Nc6 4. Nf3 g6 5. d4 cxd4 6. Nxd4 Bg7 7. e3 a6 8. Bg2 Bd7 9. 0-0 Nf6 10. b3 0-0 11. Bb2 Rb8 12. Nd5 Ne8 13. Nxc6 bxc6 14. Bxg7 Nxg7 15. Nc3 Qc8 16. Qd3 a5 17. Rfe1 Bh3 18. e4 Rd8 19. Rad1 Bxg2 20. Kxg2 e5 21. c5 Rb4 22. cxd6 Rd4 23. Qc2 R4xd6 24. Rxd6 Rxd6 25. Nd5 Qd8 26. Ne3 Ne6 27. Nc4 Nd4 28. Qc3 Re6 29. Qxa5 Qf6 30. Qc3 g5 31. f3 h5 32. Rf1 Kg7 33. Rd1 c5 34. Rf1 Qg6 35. Ne3 Rc6 36. h3 Ra6 37. Rf2 Rc6 38. Nf5+ Kf8 39. g4 h4 40. Qa5 Rc8 41. b4 Nxf5 42. gxf5 Qd6 43. b5 c4 44. Rd2 Qe7 45. Qa6 Rd8 46. Qa5 Rd4 47. Qc3 Qd6 48. Rxd4 exd4 49. Qxc4 Qg3+ 50. Kf1 Qxf3+ 51. Kg1 Qg3+ 52. Kf1 Qxh3+ 53. Ke2 Qe3+ 54. Kd1 d3 55. Qc8+ Kg7 56. Qc3+ Kh7 57. Qe1 Qxe1+ 58. Kxe1 h3 59. Kd2 0-1